| 000 | 00575nam a2200169Ia 4500 | ||
|---|---|---|---|
| 008 | 140529s9999 xx 000 0 und d | ||
| 020 | _a9789718210932 | ||
| 050 |
_aPL 6055 _b.P131 2007 |
||
| 245 |
_aPagbasa at pagsulat tungo sa pananaliksik : _baklat sa Filipino 2 - antas tersyarya / _cPaquito B. Badayos … [et al.] |
||
| 260 |
_aValenzuela City, Philippines : _bMutya Publishing House, Inc., _cc2007. |
||
| 300 |
_a232 p. ; _c26 cm. |
||
| 500 | _a Includes appendices. | ||
| 521 | _aGE | ||
| 650 | _aFilipino literature. | ||
| 942 |
_kLOC _cBK |
||
| 999 |
_c117780 _d117780 |
||